Competition in the aluminum industry 1945-1958

Guardat en:
Dades bibliogràfiques
Autor principal: Peck, Merton J.
Format: Llibre
Idioma:Undetermined
Publicat: Cambridge Harvard University Press 1961
Matèries:
Etiquetes: Afegir etiqueta
Sense etiquetes, Sigues el primer a etiquetar aquest registre!
Thư viện lưu trữ: Trung tâm Học liệu Trường Đại học Cần Thơ
LEADER 00517nam a2200181Ia 4500
001 CTU_97073
008 210402s9999 xx 000 0 und d
082 |a 673.722 
082 |b P367 
100 |a Peck, Merton J. 
245 0 |a Competition in the aluminum industry 1945-1958 
245 0 |c Merton J. Peck 
260 |a Cambridge 
260 |b Harvard University Press 
260 |c 1961 
650 |a Aluminum industry and trade,Aluminum 
904 |i Truc 
980 |a Trung tâm Học liệu Trường Đại học Cần Thơ